[Event "Quebec op U2400"]
[Site "Montreal CAN"]
[Date "2008.07.25"]
[Round "7"]
[White "Gordon, David"]
[Black "Rachar, Sean"]
[Result "1-0"]
[WhiteElo "2236"]
[BlackElo "1937"]
[PlyCount "79"]
[GameId "2160767910353738"]
[EventDate "2008.07.19"]
[EventType "swiss"]
[EventRounds "9"]
[EventCountry "CAN"]
[SourceTitle "EXT 2011"]
[Source "ChessBase"]
[SourceDate "2011.11.26"]
[SourceVersion "1"]
[SourceVersionDate "2011.11.26"]
[SourceQuality "1"]

1. d4 Nf6 2. Bg5 d5 3. Nd2 e6 4. c3 Be7 5. e3 c5 6. Bd3 h6 7. Bxf6 Bxf6 8. f4 O-O 9. Ngf3 Nc6 10. O-O b6 11. Ne5 Bb7 12. Qg4 a5 13. Rf3 Bxe5 14. fxe5 Qg5 15. Qxg5 hxg5 16. Rg3 f6 17. exf6 gxf6 18. h4 Kf7 19. hxg5 f5 20. Nf3 Rg8 21. Bb5 Ke7 22. Bxc6 Bxc6 23. Kf2 Rg7 24. Rh1 Rag8 25. Rgh3 Be8 26. Rh7 c4 27. Kg3 b5 28. a3 Bg6 29. Rxg7+ Rxg7 30. Kf4 Be8 31. Ke5 Bg6 32. Rh6 Bf7 33. Rf6 Rg8 34. g6 Bxg6 35. Rxe6+ Kf8 36. Nh4 Be8 37. Rf6+ Bf7 38. Nxf5 Rxg2 39. Nd6 Rg5+ 40. Kf4 1-0

[Event "Quebec op U2400"]
[Site "Montreal CAN"]
[Date "2008.07.25"]
[Round "7"]
[White "Hayder, Ali"]
[Black "Hambleton, Aman"]
[Result "1-0"]
[WhiteElo "2095"]
[BlackElo "2012"]
[PlyCount "85"]
[GameId "2160767910353739"]
[EventDate "2008.07.19"]
[EventType "swiss"]
[EventRounds "9"]
[EventCountry "CAN"]
[SourceTitle "EXT 2011"]
[Source "ChessBase"]
[SourceDate "2011.11.26"]
[SourceVersion "1"]
[SourceVersionDate "2011.11.26"]
[SourceQuality "1"]

1. d4 Nf6 2. c4 c5 3. d5 b5 4. cxb5 a6 5. Nc3 axb5 6. e4 b4 7. Nb5 d6 8. f3 Nbd7 9. a4 bxa3 10. Rxa3 Rxa3 11. Nxa3 g6 12. Bd2 Bg7 13. Qa4 Bb7 14. Ba5 Qc8 15. Bb5 O-O 16. Nc4 Ba6 17. Ne2 Bxb5 18. Qxb5 Qb8 19. Qxb8 Rxb8 20. Bc3 Ne8 21. Kd2 e6 22. Bxg7 Kxg7 23. Ra1 exd5 24. exd5 Nb6 25. Ne3 Nc7 26. Nc3 Re8 27. f4 f5 28. h3 Re7 29. g4 fxg4 30. hxg4 h6 31. f5 g5 32. Ra7 Kf6 33. Rb7 Nc8 34. Kd3 Ke5 35. Nc4+ Kf4 36. f6 Rf7 37. Nb5 Kxg4 38. Rxc7 Rf8 39. f7 h5 40. Nbxd6 Nxd6 41. Nxd6 h4 42. Rc8 c4+ 43. Kxc4 1-0

[Event "Quebec op U2400"]
[Site "Montreal CAN"]
[Date "2008.07.25"]
[Round "7"]
[White "Keith-Jacques, Liam"]
[Black "Bolvary, Tamara"]
[Result "1-0"]
[WhiteElo "2040"]
[BlackElo "2046"]
[PlyCount "57"]
[GameId "2160767910353741"]
[EventDate "2008.07.19"]
[EventType "swiss"]
[EventRounds "9"]
[EventCountry "CAN"]
[SourceTitle "EXT 2011"]
[Source "ChessBase"]
[SourceDate "2011.11.26"]
[SourceVersion "1"]
[SourceVersionDate "2011.11.26"]
[SourceQuality "1"]

1. e4 c5 2. Nf3 e6 3. d4 cxd4 4. Nxd4 a6 5. c4 Nf6 6. Nc3 Qc7 7. Bd3 Nc6 8. Nc2 Bd6 9. Bg5 h6 10. Bxf6 gxf6 11. Ne3 Ne5 12. Ng4 Nxg4 13. Qxg4 Kf8 14. Qh4 Be7 15. O-O b6 16. f4 Bb7 17. Kh1 Bc6 18. Rae1 Qb7 19. Nd5 Bxd5 20. cxd5 Qb8 21. Qh5 e5 22. Bc4 b5 23. Bb3 Rh7 24. Qf5 Rg7 25. Qxd7 exf4 26. Rc1 Qd8 27. Qb7 Bd6 28. Rc6 Rg5 29. Rxd6 1-0

[Event "Quebec op U2400"]
[Site "Montreal CAN"]
[Date "2008.07.25"]
[Round "7"]
[White "Laptos, Krzysztof"]
[Black "Courval, Francois"]
[Result "1-0"]
[WhiteElo "2235"]
[BlackElo "1966"]
[PlyCount "63"]
[GameId "2160767910353743"]
[EventDate "2008.07.19"]
[EventType "swiss"]
[EventRounds "9"]
[EventCountry "CAN"]
[SourceTitle "EXT 2011"]
[Source "ChessBase"]
[SourceDate "2011.11.26"]
[SourceVersion "1"]
[SourceVersionDate "2011.11.26"]
[SourceQuality "1"]

1. b3 e5 2. Bb2 Nc6 3. c4 Nf6 4. e3 d5 5. cxd5 Nxd5 6. a3 Bd6 7. Qc2 O-O 8. Nf3 Re8 9. d3 Qf6 10. Nbd2 Qg6 11. g3 Bg4 12. Bg2 Nf6 13. h3 Bd7 14. e4 a5 15. Nc4 h6 16. Bc3 b5 17. Nxd6 cxd6 18. O-O Rec8 19. Qb2 Be6 20. Bd2 Nd7 21. Be3 b4 22. a4 Nd8 23. d4 f6 24. d5 Bf7 25. Nh4 Qh7 26. Nf5 Nb7 27. Ne7+ Kf8 28. Nxc8 Rxc8 29. Rac1 Rxc1 30. Rxc1 Nbc5 31. Bxc5 dxc5 32. Qe2 1-0

[Event "Quebec op U2400"]
[Site "Montreal CAN"]
[Date "2008.07.25"]
[Round "7"]
[White "MacKinnon, Keith"]
[Black "Barron, Michael"]
[Result "0-1"]
[WhiteElo "2029"]
[BlackElo "2251"]
[PlyCount "100"]
[GameId "2160767910353744"]
[EventDate "2008.07.19"]
[EventType "swiss"]
[EventRounds "9"]
[EventCountry "CAN"]
[SourceTitle "EXT 2011"]
[Source "ChessBase"]
[SourceDate "2011.11.26"]
[SourceVersion "1"]
[SourceVersionDate "2011.11.26"]
[SourceQuality "1"]

1. e4 e5 2. Nf3 Nc6 3. Bb5 a6 4. Bxc6 dxc6 5. O-O Qd6 6. Na3 Be6 7. Qe2 f6 8. Nc4 Qd7 9. c3 c5 10. Rd1 O-O-O 11. d4 cxd4 12. cxd4 exd4 13. Nxd4 Qa4 14. b3 Bxc4 15. Qg4+ Qd7 16. Qxd7+ Rxd7 17. bxc4 c5 18. Ba3 cxd4 19. Bxf8 Nh6 20. Bc5 d3 21. Rac1 Re8 22. f3 Nf7 23. Rc3 Ne5 24. f4 Ng6 25. g3 Rxe4 26. Rdxd3 Rxd3 27. Rxd3 Kc7 28. Bd6+ Kc6 29. c5 Ne7 30. Kf2 Nf5 31. Kf3 Re6 32. Bb8 Kxc5 33. Rd7 Kc6 34. Rd8 h5 35. a4 b5 36. axb5+ axb5 37. Ba7 Re7 38. Bf2 b4 39. Rb8 Rb7 40. Rxb7 Kxb7 41. Ke4 b3 42. Kd3 Kc6 43. h3 Kd5 44. g4 b2 45. Kc2 Nd4+ 46. Kxb2 Ne2 47. gxh5 Nxf4 48. h6 gxh6 49. Bh4 f5 50. Kc3 Ke4 0-1

[Event "Quebec op U2400"]
[Site "Montreal CAN"]
[Date "2008.07.25"]
[Round "7"]
[White "Me, Kevin"]
[Black "Luksza, Arkadiusz"]
[Result "0-1"]
[WhiteElo "1880"]
[BlackElo "2129"]
[PlyCount "64"]
[GameId "2160767910353745"]
[EventDate "2008.07.19"]
[EventType "swiss"]
[EventRounds "9"]
[EventCountry "CAN"]
[SourceTitle "EXT 2011"]
[Source "ChessBase"]
[SourceDate "2011.11.26"]
[SourceVersion "1"]
[SourceVersionDate "2011.11.26"]
[SourceQuality "1"]

1. e4 e6 2. d4 d5 3. Nc3 Nf6 4. Bg5 dxe4 5. Nxe4 Be7 6. Bxf6 Bxf6 7. Nf3 Nd7 8. Qd2 O-O 9. O-O-O b6 10. Bd3 Bb7 11. h4 Be7 12. Rh3 c5 13. Ng3 cxd4 14. Nh5 Nf6 15. Nf4 Kh8 16. Rg1 Rc8 17. h5 Ne4 18. Qe2 Nc5 19. Kb1 Qd6 20. Ne5 Nxd3 21. cxd3 Bf6 22. Neg6+ fxg6 23. Nxg6+ Kg8 24. Nxf8 Rxf8 25. g4 Bg5 26. Re1 Bd5 27. Qe5 Qxe5 28. Rxe5 h6 29. Re2 Bf3 30. Rc2 Bxg4 31. Rh1 e5 32. Re1 Bf4 0-1

[Event "Quebec op U2400"]
[Site "Montreal CAN"]
[Date "2008.07.25"]
[Round "7"]
[White "Oussedik, Elias"]
[Black "Fareh, Youness"]
[Result "0-1"]
[WhiteElo "1980"]
[BlackElo "2178"]
[PlyCount "54"]
[GameId "2160767910353746"]
[EventDate "2008.07.19"]
[EventType "swiss"]
[EventRounds "9"]
[EventCountry "CAN"]
[SourceTitle "EXT 2011"]
[Source "ChessBase"]
[SourceDate "2011.11.26"]
[SourceVersion "1"]
[SourceVersionDate "2011.11.26"]
[SourceQuality "1"]

1. e4 c5 2. Nf3 e6 3. d4 cxd4 4. Nxd4 Nf6 5. Nc3 Nc6 6. Ndb5 Bb4 7. a3 Bxc3+ 8. Nxc3 d5 9. exd5 exd5 10. Bd3 O-O 11. O-O d4 12. Ne2 Bg4 13. f3 Bh5 14. b4 a6 15. Nf4 Bg6 16. Nxg6 hxg6 17. f4 Ne7 18. Qf3 Qd5 19. Qxd5 Nfxd5 20. Bd2 Rfe8 21. Rfe1 Nf5 22. Rxe8+ Rxe8 23. Re1 Nfe3 24. g3 Kf8 25. Bc1 Rc8 26. Bb2 Nc3 27. Kf2 Ned1+ 0-1

[Event "Quebec op U2400"]
[Site "Montreal CAN"]
[Date "2008.07.25"]
[Round "7"]
[White "Robichaud, Louis"]
[Black "Peev, Pavel"]
[Result "1/2-1/2"]
[WhiteElo "2129"]
[BlackElo "1899"]
[PlyCount "118"]
[GameId "2160767910353747"]
[EventDate "2008.07.19"]
[EventType "swiss"]
[EventRounds "9"]
[EventCountry "CAN"]
[SourceTitle "EXT 2011"]
[Source "ChessBase"]
[SourceDate "2011.11.26"]
[SourceVersion "1"]
[SourceVersionDate "2011.11.26"]
[SourceQuality "1"]

1. e4 c5 2. Nc3 Nc6 3. g3 g6 4. Bg2 Bg7 5. d3 d6 6. f4 e6 7. Nf3 Nge7 8. O-O O-O 9. Be3 b6 10. d4 Ba6 11. Re1 Qc7 12. a4 Na5 13. Nb5 Bxb5 14. axb5 Rac8 15. c3 d5 16. exd5 Nxd5 17. Bf2 Rfd8 18. Qe2 Nb3 19. Rad1 cxd4 20. Nxd4 Nxd4 21. Bxd4 Bxd4+ 22. Rxd4 Qc5 23. Kh1 Nc7 24. Rb4 Nd5 25. Re4 Nf6 26. Re5 Qd6 27. Bf3 Nd7 28. Re4 Nc5 29. Rd4 Qe7 30. Red1 h5 31. h3 h4 32. g4 Nb3 33. Rxd8+ Rxd8 34. Qc2 Rxd1+ 35. Qxd1 Na5 36. b4 Nc4 37. Qd4 Nd6 38. Bc6 f6 39. g5 fxg5 40. fxg5 Nf5 41. Qf6 Qxf6 42. gxf6 Nd6 43. Kg2 Kf7 44. Kf3 Kxf6 45. Ke3 Ke5 46. Kd3 Nf5 47. c4 Kd6 48. Bf3 e5 49. Be4 Ne7 50. Ke3 Nf5+ 51. Kf3 Ke6 52. Bd3 Nd6 53. c5 bxc5 54. bxc5 e4+ 55. Bxe4 Nxb5 56. Bxg6 Kd5 57. Kg4 Kxc5 58. Kxh4 Kd6 59. Bd3 Ke7 1/2-1/2

[Event "Quebec op U2400"]
[Site "Montreal CAN"]
[Date "2008.07.25"]
[Round "7"]
[White "Testa, Adriano"]
[Black "Gilman, Arkadiy"]
[Result "1/2-1/2"]
[WhiteElo "2080"]
[BlackElo "2189"]
[PlyCount "115"]
[GameId "2160767910353748"]
[EventDate "2008.07.19"]
[EventType "swiss"]
[EventRounds "9"]
[EventCountry "CAN"]
[SourceTitle "EXT 2011"]
[Source "ChessBase"]
[SourceDate "2011.11.26"]
[SourceVersion "1"]
[SourceVersionDate "2011.11.26"]
[SourceQuality "1"]

1. e4 e6 2. d4 d5 3. Nd2 Nf6 4. e5 Nfd7 5. Bd3 c5 6. c3 Nc6 7. Ne2 cxd4 8. cxd4 Qb6 9. Nf3 f6 10. exf6 Nxf6 11. O-O Bd6 12. b3 O-O 13. Bf4 Bxf4 14. Nxf4 Ne4 15. Ne2 Bd7 16. Ng3 Rf4 17. Bxe4 dxe4 18. Nd2 Nxd4 19. Ndxe4 Bc6 20. Nc3 Rd8 21. Qh5 Qc7 22. Nce2 Nxe2+ 23. Qxe2 Bd5 24. Qe3 b6 25. Rac1 Qf7 26. Qe5 Rf8 27. f3 Qf6 28. Qxf6 R4xf6 29. Rc7 R6f7 30. Rfc1 Rxc7 31. Rxc7 Rf7 32. Rc8+ Rf8 33. Rc2 Rf7 34. Kf2 Rd7 35. b4 a6 36. Ke3 Kf7 37. a3 e5 38. Rc8 h6 39. Rc2 Ke6 40. Rc8 Bb7 41. Rc1 Bd5 42. Ne2 Bb7 43. h3 Ba8 44. Ng3 Bb7 45. Nf1 Bd5 46. Nd2 Bb7 47. Nc4 Rc7 48. Kd2 b5 49. Ne3 Rxc1 50. Kxc1 g5 51. Kd2 h5 52. Kd3 e4+ 53. fxe4 Ke5 54. Nd5 Bxd5 55. exd5 Kxd5 56. g3 Ke5 57. Ke3 Kf5 58. Kf3 1/2-1/2

[Event "Quebec op U2400"]
[Site "Montreal CAN"]
[Date "2008.07.25"]
[Round "7"]
[White "Villalobos, Oscar"]
[Black "Mattson, Dane"]
[Result "1-0"]
[WhiteElo "2028"]
[BlackElo "2072"]
[PlyCount "119"]
[GameId "2160767910353749"]
[EventDate "2008.07.19"]
[EventType "swiss"]
[EventRounds "9"]
[EventCountry "CAN"]
[SourceTitle "EXT 2011"]
[Source "ChessBase"]
[SourceDate "2011.11.26"]
[SourceVersion "1"]
[SourceVersionDate "2011.11.26"]
[SourceQuality "1"]

1. Nf3 Nf6 2. g3 b5 3. Bg2 Bb7 4. d3 c5 5. O-O g6 6. e4 d6 7. Nh4 Qc7 8. f4 Nc6 9. Be3 Bg7 10. c3 Nd7 11. Qd2 Na5 12. Na3 a6 13. d4 c4 14. f5 Rg8 15. Rae1 Nc6 16. Nc2 a5 17. Bh6 Bh8 18. Ne3 Nd8 19. fxg6 hxg6 20. Nd5 Qb8 21. Bh3 e6 22. Qg5 Bxd5 23. exd5 f6 24. dxe6 Nf8 25. Rxf6 Nh7 26. e7 Bxf6 27. exd8=Q+ Kxd8 28. Qd5 Kc7 29. Qf7+ Kb6 30. Qxh7 Bxh4 31. gxh4 Rh8 32. Qe7 Re8 33. Qxe8 Qxe8 34. Rxe8 Rxe8 35. Kf2 d5 36. Bg2 Kc6 37. a3 Rb8 38. Bd2 Re8 39. Bf3 Rf8 40. Kg3 Kd6 41. h5 gxh5 42. Bf4+ Ke6 43. Bxh5 Kf5 44. h3 Rg8+ 45. Bg4+ Ke4 46. h4 Kd3 47. Bc7 b4 48. axb4 axb4 49. cxb4 Kc2 50. b5 Kxb2 51. b6 c3 52. b7 c2 53. Bf4 Kc3 54. Kh3 Rf8 55. Bc1 Rb8 56. Bc8 Kxd4 57. Kg4 Kd3 58. Kf3 Kc3 59. h5 d4 60. h6 1-0

[Event "Quebec op U2400"]
[Site "Montreal CAN"]
[Date "2008.07.25"]
[Round "7"]
[White "Voskanyan, Vahagn"]
[Black "Ramaswamy, Kishor"]
[Result "1/2-1/2"]
[WhiteElo "2253"]
[BlackElo "2125"]
[PlyCount "77"]
[GameId "2160767910353750"]
[EventDate "2008.07.19"]
[EventType "swiss"]
[EventRounds "9"]
[EventCountry "CAN"]
[SourceTitle "EXT 2011"]
[Source "ChessBase"]
[SourceDate "2011.11.26"]
[SourceVersion "1"]
[SourceVersionDate "2011.11.26"]
[SourceQuality "1"]

1. e4 c6 2. d4 d5 3. exd5 cxd5 4. c3 Nc6 5. Bf4 Nf6 6. Bd3 Bg4 7. Qb3 Qd7 8. Nd2 e6 9. Ngf3 a6 10. Ne5 Nxe5 11. dxe5 Ng8 12. Be3 Ne7 13. O-O Nc6 14. Bd4 Be7 15. f4 Nxd4 16. cxd4 g6 17. Rac1 Rc8 18. h3 Bf5 19. Bxf5 Rxc1 20. Rxc1 exf5 21. Qb6 Bd8 22. Qc5 Be7 23. Qb6 Bd8 24. Qb4 Be7 25. Qb3 O-O 26. Nf1 b5 27. Ne3 Rc8 28. Rxc8+ Qxc8 29. Nxd5 Qc1+ 30. Kh2 Bh4 31. Qc3 Qf1 32. e6 Bf2 33. exf7+ Kg7 34. f8=Q+ Kxf8 35. Qc5+ Kg8 36. Nf6+ Kg7 37. Qc7+ Kxf6 38. Qd6+ Kf7 39. Qd7+ 1/2-1/2

[Event "Quebec op U2400"]
[Site "Montreal CAN"]
[Date "2008.07.25"]
[Round "7"]
[White "Ye, Ling Feng"]
[Black "Audet-Bouchard, Nicolas"]
[Result "1/2-1/2"]
[WhiteElo "2197"]
[BlackElo "2154"]
[PlyCount "67"]
[GameId "2160767910353751"]
[EventDate "2008.07.19"]
[EventType "swiss"]
[EventRounds "9"]
[EventCountry "CAN"]
[SourceTitle "EXT 2011"]
[Source "ChessBase"]
[SourceDate "2011.11.26"]
[SourceVersion "1"]
[SourceVersionDate "2011.11.26"]
[SourceQuality "1"]

1. e4 c5 2. Nc3 Nc6 3. Nge2 d6 4. d4 cxd4 5. Nxd4 Nf6 6. Bg5 e6 7. Qd2 Be7 8. O-O-O O-O 9. f4 h6 10. Bh4 Nxd4 11. Qxd4 Qa5 12. Bc4 e5 13. fxe5 dxe5 14. Qd3 Bg4 15. Rdf1 Rac8 16. Bxf6 Bxf6 17. Kb1 Qc5 18. Bb3 Bh4 19. h3 Be6 20. g3 Bxb3 21. cxb3 Bd8 22. Nd5 Bb6 23. g4 Rc6 24. Rc1 Qd6 25. Rhf1 Bd4 26. Rxc6 bxc6 27. Ne3 g6 28. Nc4 Qe7 29. Qg3 Kg7 30. h4 Rd8 31. h5 Qg5 32. Qf3 Qe7 33. Na5 Rd6 34. Qe2 1/2-1/2

[Event "Quebec op U2400"]
[Site "Montreal CAN"]
[Date "2008.07.26"]
[Round "8"]
[White "Bluvshtein, Ilia"]
[Black "Laptos, Krzysztof"]
[Result "0-1"]
[WhiteElo "2117"]
[BlackElo "2235"]
[PlyCount "59"]
[GameId "2160767910353754"]
[EventDate "2008.07.19"]
[EventType "swiss"]
[EventRounds "9"]
[EventCountry "CAN"]
[SourceTitle "EXT 2011"]
[Source "ChessBase"]
[SourceDate "2011.11.26"]
[SourceVersion "1"]
[SourceVersionDate "2011.11.26"]
[SourceQuality "1"]

1. e4 e5 2. Nf3 Qe7 3. Nc3 c6 4. d4 d6 5. dxe5 dxe5 6. Bg5 f6 7. Be3 Be6 8. Qd2 Qc7 9. Na4 Nd7 10. Qc3 Ne7 11. O-O-O Nc8 12. Bc4 Bxc4 13. Qxc4 Be7 14. Qe6 Nf8 15. Qb3 Nd6 16. Nd2 b6 17. f4 Nb7 18. Qc3 exf4 19. Bxf4 Bd6 20. Bxd6 Nxd6 21. e5 Nb5 22. Qh3 fxe5 23. Rhe1 Nd4 24. Nc4 Nfe6 25. Nxe5 O-O 26. c3 Nf4 27. Qd7 Nfe2+ 28. Kb1 Qxe5 29. g3 Qe4+ 30. Ka1 0-1

[Event "Quebec op U2400"]
[Site "Montreal CAN"]
[Date "2008.07.26"]
[Round "8"]
[White "Bolvary, Tamara"]
[Black "Gueorguiev, Valentin"]
[Result "1-0"]
[WhiteElo "2046"]
[BlackElo "1653"]
[PlyCount "111"]
[GameId "2160767910353755"]
[EventDate "2008.07.19"]
[EventType "swiss"]
[EventRounds "9"]
[EventCountry "CAN"]
[SourceTitle "EXT 2011"]
[Source "ChessBase"]
[SourceDate "2011.11.26"]
[SourceVersion "1"]
[SourceVersionDate "2011.11.26"]
[SourceQuality "1"]

1. c4 g6 2. g3 Bg7 3. Bg2 c5 4. Nc3 Nc6 5. a3 d6 6. Rb1 a5 7. d3 e6 8. e4 Nge7 9. Nge2 O-O 10. O-O Nd4 11. b3 Nec6 12. f4 f5 13. h3 Rb8 14. Kh2 Bd7 15. Nxd4 Nxd4 16. Ne2 b5 17. Nxd4 cxd4 18. exf5 gxf5 19. Bd2 b4 20. axb4 axb4 21. Ra1 Qb6 22. Qf3 Rfe8 23. Ra2 e5 24. Qd5+ Be6 25. Qc6 Rec8 26. Qxb6 Rxb6 27. Ra4 Rcb8 28. Ra7 Bf8 29. g4 fxg4 30. Be4 g3+ 31. Kxg3 Bg7 32. f5 Bf7 33. f6 Bf8 34. Kh2 Bg6 35. Rg1 Kh8 36. Bxg6 hxg6 37. Rxg6 R6b7 38. Ra1 Rf7 39. h4 Kh7 40. h5 Rb6 41. Bg5 Rc6 42. Ra5 Rb6 43. Kg3 Rbb7 44. Bd2 Rb6 45. Bg5 Rbb7 46. Kg4 Ra7 47. Rb5 Rab7 48. Rxb7 Rxb7 49. Kf5 Ra7 50. Ke6 Rb7 51. f7 e4 52. Rg8 Rb8 53. dxe4 d3 54. Bf6 Bg7 55. Rxg7+ Kh6 56. Rg3 1-0

[Event "Quebec op U2400"]
[Site "Montreal CAN"]
[Date "2008.07.26"]
[Round "8"]
[White "Caire, Francois"]
[Black "Ye, Ling Feng"]
[Result "1/2-1/2"]
[WhiteElo "2183"]
[BlackElo "2197"]
[PlyCount "29"]
[GameId "2160767910353756"]
[EventDate "2008.07.19"]
[EventType "swiss"]
[EventRounds "9"]
[EventCountry "CAN"]
[SourceTitle "EXT 2011"]
[Source "ChessBase"]
[SourceDate "2011.11.26"]
[SourceVersion "1"]
[SourceVersionDate "2011.11.26"]
[SourceQuality "1"]

1. d4 d5 2. Nf3 e6 3. c4 Nf6 4. Nc3 Be7 5. Qc2 O-O 6. Bg5 Nbd7 7. Rd1 c6 8. e3 a6 9. a3 Re8 10. Bd3 dxc4 11. Bxc4 Nd5 12. Bxe7 Qxe7 13. O-O Nxc3 14. Qxc3 c5 15. Ba2 1/2-1/2

[Event "Quebec op U2400"]
[Site "Montreal CAN"]
[Date "2008.07.26"]
[Round "8"]
[White "Courval, Francois"]
[Black "Caceres Cortes, Julio"]
[Result "1/2-1/2"]
[WhiteElo "1966"]
[BlackElo "2092"]
[PlyCount "49"]
[GameId "2160767910353757"]
[EventDate "2008.07.19"]
[EventType "swiss"]
[EventRounds "9"]
[EventCountry "CAN"]
[SourceTitle "EXT 2011"]
[Source "ChessBase"]
[SourceDate "2011.11.26"]
[SourceVersion "1"]
[SourceVersionDate "2011.11.26"]
[SourceQuality "1"]

1. e4 c5 2. Nf3 d6 3. Bb5+ Bd7 4. Bxd7+ Qxd7 5. O-O Nf6 6. Qe2 Nc6 7. c3 g6 8. d4 cxd4 9. cxd4 Bg7 10. Nc3 O-O 11. h3 Rac8 12. Rd1 d5 13. e5 Ne8 14. Bf4 Nc7 15. Qe3 Ne6 16. Bh6 Na5 17. Bxg7 Kxg7 18. b3 Rc7 19. Rac1 Rfc8 20. Kf1 a6 21. Ke1 b6 22. Ne2 Nc6 23. Qd2 Na7 24. Rxc7 Rxc7 25. Rc1 1/2-1/2

[Event "Quebec op U2400"]
[Site "Montreal CAN"]
[Date "2008.07.26"]
[Round "8"]
[White "Forget, Luc"]
[Black "Luksza, Arkadiusz"]
[Result "0-1"]
[WhiteElo "2063"]
[BlackElo "2129"]
[PlyCount "128"]
[GameId "2160767910353758"]
[EventDate "2008.07.19"]
[EventType "swiss"]
[EventRounds "9"]
[EventCountry "CAN"]
[SourceTitle "EXT 2011"]
[Source "ChessBase"]
[SourceDate "2011.11.26"]
[SourceVersion "1"]
[SourceVersionDate "2011.11.26"]
[SourceQuality "1"]

1. d4 e6 2. c4 Nf6 3. g3 Bb4+ 4. Bd2 a5 5. Nf3 O-O 6. Bg2 Nc6 7. O-O d6 8. Bg5 a4 9. Nc3 Bxc3 10. bxc3 h6 11. Bxf6 Qxf6 12. e3 e5 13. Nd2 Qe7 14. Rb1 f5 15. d5 Nd8 16. Rb4 Bd7 17. Nb1 b6 18. Na3 Nb7 19. Nb5 Bxb5 20. cxb5 Nc5 21. Qc2 Rae8 22. Bf3 Qg5 23. Kh1 e4 24. Be2 Re7 25. Qd2 h5 26. h4 Qh6 27. Kg2 g6 28. Rd4 Rg7 29. Rh1 Kf7 30. Kf1 Rh8 31. Ke1 Ra8 32. Qb2 Kg8 33. Kd2 Rf7 34. Kc1 Qf8 35. Kb1 Re7 36. Rhd1 Qf6 37. Rh1 Ra5 38. Rhd1 Re8 39. Rh1 Rea8 40. a3 Qe5 41. c4 Rf8 42. Rdd1 Qe7 43. Qc3 Kf7 44. Ka2 Ke8 45. Rd2 Kd7 46. Rdd1 Kc8 47. Rd2 Kb7 48. Rdd1 Raa8 49. Kb2 Rh8 50. Kc2 Rh7 51. Rh2 Nd7 52. Kb2 Ne5 53. Kc2 Rf7 54. Rf1 Qf8 55. Kc1 f4 56. exf4 Rxf4 57. Rg2 Rf7 58. Qe3 Re8 59. Qxe4 Nd7 60. Qc2 Qg7 61. Kb1 Nc5 62. f4 Re3 63. Rf3 Rfe7 64. Rgf2 Nb3 0-1

[Event "Quebec op U2400"]
[Site "Montreal CAN"]
[Date "2008.07.26"]
[Round "8"]
[White "Gilman, Arkadiy"]
[Black "Hayder, Ali"]
[Result "0-1"]
[WhiteElo "2189"]
[BlackElo "2095"]
[PlyCount "58"]
[GameId "2160767910353759"]
[EventDate "2008.07.19"]
[EventType "swiss"]
[EventRounds "9"]
[EventCountry "CAN"]
[SourceTitle "EXT 2011"]
[Source "ChessBase"]
[SourceDate "2011.11.26"]
[SourceVersion "1"]
[SourceVersionDate "2011.11.26"]
[SourceQuality "1"]

1. d4 Nf6 2. c4 c5 3. d5 b5 4. cxb5 a6 5. b6 d6 6. Nc3 Qxb6 7. Nf3 g6 8. e4 Bg4 9. Be2 Nbd7 10. Nd2 Ne5 11. O-O Bg7 12. Kh1 Bxe2 13. Qxe2 Nh5 14. f4 Nd7 15. Nc4 Qc7 16. Bd2 O-O 17. Rae1 e5 18. dxe6 fxe6 19. Qd3 Bd4 20. Ne2 e5 21. f5 gxf5 22. Rxf5 Rxf5 23. exf5 d5 24. Qf3 Nhf6 25. Nxd4 cxd4 26. Nxe5 Nxe5 27. Qg3+ Kf7 28. Bf4 Rg8 29. Qa3 Qc2 0-1

[Event "Quebec op U2400"]
[Site "Montreal CAN"]
[Date "2008.07.26"]
[Round "8"]
[White "Khassanov, Marat"]
[Black "MacKinnon, Keith"]
[Result "1-0"]
[WhiteElo "2312"]
[BlackElo "2029"]
[PlyCount "53"]
[GameId "2160767910353760"]
[EventDate "2008.07.19"]
[EventType "swiss"]
[EventRounds "9"]
[EventCountry "CAN"]
[SourceTitle "EXT 2011"]
[Source "ChessBase"]
[SourceDate "2011.11.26"]
[SourceVersion "1"]
[SourceVersionDate "2011.11.26"]
[SourceQuality "1"]

1. e4 d5 2. exd5 Qxd5 3. Nc3 Qd6 4. d4 Nf6 5. Bg5 a6 6. Qd2 Nc6 7. O-O-O Bf5 8. Bf4 Qd7 9. Nf3 e6 10. Ne5 Nxe5 11. Bxe5 Be7 12. f3 Bg6 13. h4 h6 14. g4 O-O-O 15. h5 Bh7 16. Bd3 c5 17. Bxh7 Rxh7 18. Qe2 Qc6 19. dxc5 Qxc5 20. Rxd8+ Bxd8 21. Rd1 Rh8 22. Rd4 b5 23. Ne4 Nxe4 24. Qxe4 Qa7 25. Qc6+ Bc7 26. Bxc7 Qxc7 27. Qxa6+ 1-0

[Event "Quebec op U2400"]
[Site "Montreal CAN"]
[Date "2008.07.26"]
[Round "8"]
[White "Le Duin, Thierry"]
[Black "Oussedik, Elias"]
[Result "1/2-1/2"]
[WhiteElo "2096"]
[BlackElo "1980"]
[PlyCount "96"]
[GameId "2160767910353761"]
[EventDate "2008.07.19"]
[EventType "swiss"]
[EventRounds "9"]
[EventCountry "CAN"]
[SourceTitle "EXT 2011"]
[Source "ChessBase"]
[SourceDate "2011.11.26"]
[SourceVersion "1"]
[SourceVersionDate "2011.11.26"]
[SourceQuality "1"]

1. d4 e6 2. Nf3 d5 3. c3 c5 4. Bg5 Be7 5. Bxe7 Qxe7 6. e3 Nc6 7. Bd3 Nf6 8. Nbd2 O-O 9. Ne5 Nxe5 10. dxe5 Nd7 11. f4 f6 12. Nf3 fxe5 13. fxe5 g5 14. Bb5 g4 15. Bxd7 gxf3 16. Bxc8 f2+ 17. Kd2 Raxc8 18. Qg4+ Kh8 19. Raf1 d4 20. Qg3 dxc3+ 21. Kxc3 Qf7 22. Kc2 Rcd8 23. h4 Rd5 24. Kc1 c4 25. h5 c3 26. h6 cxb2+ 27. Kxb2 Rd2+ 28. Ka1 Qc7 29. Rc1 Qd7 30. Rhf1 b5 31. Qg4 a5 32. Qg5 Rf7 33. Qg3 b4 34. Qg4 Qe8 35. Kb1 Qd7 36. Ka1 Rf8 37. g3 Qe7 38. Kb1 a4 39. Rc4 Qd7 40. Rd4 Rxd4 41. exd4 b3 42. axb3 axb3 43. d5 Qa7 44. Qg7+ Qxg7 45. hxg7+ Kxg7 46. d6 Rf3 47. d7 Rd3 48. Rxf2 Rxd7 1/2-1/2

[Event "Quebec op U2400"]
[Site "Montreal CAN"]
[Date "2008.07.26"]
[Round "8"]
[White "Mai, Lloyd"]
[Black "Me, Kevin"]
[Result "1-0"]
[WhiteElo "2179"]
[BlackElo "1880"]
[PlyCount "42"]
[GameId "2160767910353763"]
[EventDate "2008.07.19"]
[EventType "swiss"]
[EventRounds "9"]
[EventCountry "CAN"]
[SourceTitle "EXT 2011"]
[Source "ChessBase"]
[SourceDate "2011.11.26"]
[SourceVersion "1"]
[SourceVersionDate "2011.11.26"]
[SourceQuality "1"]

1. e4 c5 2. Nf3 d6 3. d4 cxd4 4. Nxd4 Nf6 5. Nc3 a6 6. f4 e6 7. Be3 Be7 8. Qf3 Qc7 9. O-O-O b5 10. e5 Bb7 11. Bxb5+ axb5 12. Ndxb5 Qc8 13. Qg3 dxe5 14. fxe5 Nh5 15. Qh3 g6 16. Bh6 Nd7 17. Rhe1 Bc6 18. Nd6+ Bxd6 19. exd6 Qb7 20. Qh4 Nb6 21. Rd4 Nd5 1-0